Formato MARC21

Signatura BDML-MML-Ms-M000775
Número de control M000775
Registro MARC21
Reina del Cisne
=001 M000775
=003 BDML
=005 20042026015612
=008 200426||||||||||||||||||||||||||||||||||
=031 ##$a1$b1$c1$gG-2$mPiano$nbB$o2/4$p'4A8AA/4A8xGA/B4.A/4A8-A/''4D8DE/4F8ED/$2pe
=040 ##$aBDML$bspa$cBDML
=092 ##$aBDML$bBDML$cEC$dMs$0M000775
=100 1#$aGuayas, Luis$jCertificada
=245 10$aReina del Cisne$h[música manuscrita]
=300 ##$a2 folios$c34.1 x 24.1 cm
=340 ##$dManuscrito
=348 ##$aPartitura
=382 ##$apiano$bpiano
=384 0#$aRe menor
=500 ##$aDatos tomados de la portada y encabezado de la música.
=650 04$aPaso dobles$ySiglo XX$zEcuador, Loja
=773 1#$aGuayas, Luis$tReina del Cisne$wM000607
=852 ##$aMuseo de la Música Salvador Zaragocín Tapia$hAnexo 18 (a)